000 01031nam a22002897a 4500
003 OSt
005 20230925094049.0
008 221006b |||||||| |||| 00| 0 eng d
040 _cLado V
082 _a708
_bH565a
100 _91091
_aHerrera, Fabio
_eautor
245 _aEl Autocat/
_bAutorretratos/
260 _bPane e Vino
_c2010
_aCosta Rica
300 _c22x28cm
_a14p.
366 _espa
505 _tPresentación
650 _2Tesauro de Arte & Arquitectura
_aARTE
_9703
650 _2Tesauro de Arte & Arquitectura
_aCOLECCION
_9702
650 _2Tesauro de Arte & Arquitectura
_aRETRATOS
_9703
650 _2Tesauro de Arte & Arquitectura
_aSERIGRAFIA
650 _2Tesauro de Arte & Arquitectura
_aACUARELA
650 _2Tesauro de Arte & Arquitectura
_aMARCADOR SOBRE IMPRESO
650 _2Tesauro de Arte & Arquitectura
_aIMPRESIÓN DIGITAL
650 _2Tesauro de Arte & Arquitectura
_aACUARELA
650 _2Tesauro de Arte & Arquitectura
_aCRAYÓN
942 _2ddc
_c1
_h708
_iH565a
_n0
999 _c4382
_d4382